Hayata (Record no. 428017)

MARC details
000 -LEADER
fixed length control field 00657nam a2200241Ia 4500
003 - CONTROL NUMBER IDENTIFIER
control field OSt
005 - DATE AND TIME OF LATEST TRANSACTION
control field 20220924131726.0
008 - FIXED-LENGTH DATA ELEMENTS--GENERAL INFORMATION
fixed length control field 220923b |||||||| |||| 00| 0 san d
037 ## - SOURCE OF ACQUISITION
Terms of availability Textual
040 ## - CATALOGING SOURCE
Original cataloging agency ARTS
Transcribing agency ARTS
Language of cataloging san
041 ## - LANGUAGE CODE
Source of code san
Language code of text/sound track or separate title san
100 ## - MAIN ENTRY--PERSONAL NAME
Personal name Bhattacarya Vibhuti Bhusna Ed.
9 (RLIN) 202725
245 #0 - TITLE STATEMENT
Title Hayata
260 ## - PUBLICATION, DISTRIBUTION, ETC.
Place of publication, distribution, etc. Varanasi
Name of publisher, distributor, etc. Varaneseya Sanskrit Vishvadiyalas
Date of publication, distribution, etc. 1967
300 ## - PHYSICAL DESCRIPTION
Extent 161p
Dimensions cm.
650 ## - SUBJECT ADDED ENTRY--TOPICAL TERM
Topical term or geographic name entry element MATHEMATICS
9 (RLIN) 2141
942 ## - ADDED ENTRY ELEMENTS (KOHA)
Classification part B9:1, 15K7
Koha item type Textual
Source of classification or shelving scheme Colon Classification (CC)
Holdings
Withdrawn status Lost status Damaged status Not for loan Home library Current library Date acquired Total Checkouts Full call number Barcode Date last seen Price effective from Koha item type
        Arts Library Arts Library 2022-09-24   B9:1 15K7 AL0485924 2022-09-24 2022-09-24 Textual
Copyright @ Delhi University Library System